=LDR 00000nam 2200000 4500 =001 INLIS000000000007441 =005 20260106110839 =035 ##$$a 0010-0126000010 =007 ta =008 260106###########################0#ind## =082 ##$$a 304.6 =084 ##$$a 304.6 KEM p =100 #$$a KEMENTERIAN KEPENDUDUKAN DAN PEMBANGUNAN KELUARGA/BKKBN =245 1#$$a POTRET KEPENDUDUKAN INDONESIA MOMENTUM BONUS DEMOGRAFI MENUJU 2045 BERDASARKAN LAPORAN KEPENDUDUKAN INDONESIA 2025 /$c KEMENTERIAN KEPENDUDUKAN DAN PEMBANGUNAN KELUARGA/BKKBN =260 ##$$a Jakarta :$b KEMENTERIAN KEPENDUDUKAN DAN PEMBANGUNAN KELUARGA/BKKBN,$c 2025 =300 ##$$a 138 hlm : $b ilus ; $c 21 cm =700 #$$a UNFPA =600 #4$$a Kependudukan =856 ##$$a Perpustakaan KEMENDUKBANGGA/BKKBN